000 00367 a2200169 4500
001 48246
020 _a8516051099
040 _cAnchieta - Aquarius
100 _aAzevedo, Ricardo
240 1 0 _aAraújo e Ophélia
_l
245 1 0 _aAraújo e Ophélia
300 _a31
362 0 _a2006
440 1 _aModerna
650 4 _aLiteratura infanto-juvenil
942 _cBK
999 _c48246
_d48246